| 000 | 00371nam a2200157Ia 4500 | ||
|---|---|---|---|
| 008 | 221030s9999 xx 000 0 und d | ||
| 020 | _a0972718508 | ||
| 041 | _aEnglish | ||
| 100 | _aT. R. Khanna | ||
| 245 | 0 |
_aFountain of Inner Joy _cby T. R. Khanna |
|
| 250 | _a2nd | ||
| 260 |
_bWisdom Pub. _aNew Delhi _c2001 |
||
| 300 | _a116 | ||
| 650 | _aGeneral | ||
| 942 | _cBK | ||
| 999 |
_c15026 _d15026 |
||